| 000 | 00808nam a22002057a 4500 | ||
|---|---|---|---|
| 005 | 20180416105056.0 | ||
| 010 | _aB-690790-791 | ||
| 020 |
_a9788180423444 _c400.00 |
||
| 035 | _aB-690790-791 | ||
| 037 |
_bModern Pub. House _adpl |
||
| 082 | _a921 | ||
| 100 | _aAnand, Vidya Sagar | ||
| 245 |
_aMahatma Gandhi his spiritual successor : _cby Vidya Sagar Anand ; edited by Rajinder Kaur Lotay _bAcharya Vinoba Bhave / |
||
| 260 |
_aNew Delhi _bModern Pub. House _c2016 |
||
| 270 |
_a9, Gole Market, Daryaganj, _bNew Delhi _e110002 |
||
| 300 |
_a176p. _c23cm(Hb) |
||
| 500 | _aBalidani | ||
| 942 |
_2ddc _cEN _mLOT _h921 |
||
| 999 |
_c151214 _d151214 |
||